[Event "Regionalliga SW 9596"]
[Site "Bayern"]
[Date "1996.??.??"]
[Round "?"]
[White "Andreadakis, Georgios"]
[Black "Voss, Michael"]
[Result "1-0"]
[WhiteElo "1955"]
[BlackElo "1905"]
[PlyCount "85"]
[EventDate "1995.10.??"]
[EventType "team-tourn"]
[EventRounds "9"]
[EventCountry "GER"]
[SourceTitle "EXT 1999"]
[Source "ChessBase"]
[SourceDate "1998.11.16"]
[SourceVersion "1"]
[SourceVersionDate "1998.11.16"]
[SourceQuality "1"]
[WhiteTeam "Augsburg SG 1873"]
[BlackTeam "Kriegshaber SK"]
[WhiteTeamCountry "GER"]
[BlackTeamCountry "GER"]

1. d4 e6 2. Nf3 f5 3. g3 d5 4. Bg2 Nf6 5. 0-0 Bd6 6. Bg5 0-0 7. Nbd2 Qe8 8. Bxf6 Rxf6 9. c4 c6 10. Rb1 a6 11. b4 b5 12. cxd5 exd5 13. e3 a5 14. bxa5 Rxa5 15. Qc2 Bb7 16. Nb3 Ra4 17. Rfc1 Nd7 18. Qe2 Qa8 19. Rc2 Re6 20. Nc1 f4 21. Bh3 Re7 22. gxf4 Nb6 23. Ne5 Bxe5 24. fxe5 Nc4 25. Rb3 Bc8 26. Qh5 Be6 27. f4 Qe8 28. Qxe8+ Rxe8 29. Bxe6+ Rxe6 30. f5 Re8 31. Rg2 Kf7 32. Kf1 g6 33. f6 Rea8 34. h4 Ra3 35. Ke2 h6 36. Kd3 c5 37. Ke2 R3a5 38. Kf3 cxd4 39. exd4 R8a7 40. Kf4 Nb6 41. h5 g5+ 42. Kf5 Nc8 43. Rc2 1-0

[Event "Regionalliga SW 9596"]
[Site "Bayern"]
[Date "1996.??.??"]
[Round "?"]
[White "Schlinkmeier, Karsten"]
[Black "Andreadakis, Georgios"]
[Result "1-0"]
[WhiteElo "2095"]
[BlackElo "1955"]
[PlyCount "77"]
[EventDate "1995.10.??"]
[EventType "team-tourn"]
[EventRounds "9"]
[EventCountry "GER"]
[SourceTitle "EXT 1999"]
[Source "ChessBase"]
[SourceDate "1998.11.16"]
[SourceVersion "1"]
[SourceVersionDate "1998.11.16"]
[SourceQuality "1"]
[WhiteTeam "Garching"]
[BlackTeam "Augsburg SG 1873"]
[WhiteTeamCountry "GER"]
[BlackTeamCountry "GER"]

1. Nf3 c5 2. c3 Nf6 3. d4 cxd4 4. cxd4 d5 5. Nc3 Nc6 6. Bf4 Bf5 7. e3 e6 8. Bb5 Be7 9. Ne5 Rc8 10. Nxc6 bxc6 11. Ba6 Rb8 12. Bxb8 Qxb8 13. Qb3 Qd6 14. Rd1 0-0 15. Bd3 Bg4 16. Rb1 e5 17. h3 Bh5 18. Ne2 Rb8 19. Qc3 Bxe2 20. dxe5 Qe6 21. Kxe2 Bb4 22. Qd4 c5 23. Qf4 Ne4 24. Bxe4 dxe4 25. Qxe4 Qa6+ 26. Kf3 f6 27. Qd5+ Kh8 28. Rhd1 h5 29. e6 g5 30. e7 Ba5 31. Qd7 Qc8 32. Qxc8+ Rxc8 33. Rd8+ Rxd8 34. exd8Q+ Bxd8 35. Rd1 Bb6 36. Rd7 Kg8 37. Ke4 Kf8 38. Kf5 Ke8 39. Rb7 1-0

[Event "Regionalliga SW 9596"]
[Site "Bayern"]
[Date "1995.??.??"]
[Round "?"]
[White "Andreadakis, Georgios"]
[Black "Tibitanzl, Thomas"]
[Result "1-0"]
[WhiteElo "1955"]
[BlackElo "1885"]
[PlyCount "101"]
[EventDate "1995.10.??"]
[EventType "team-tourn"]
[EventRounds "9"]
[EventCountry "GER"]
[SourceTitle "EXT 1999"]
[Source "ChessBase"]
[SourceDate "1998.11.16"]
[SourceVersion "1"]
[SourceVersionDate "1998.11.16"]
[SourceQuality "1"]
[WhiteTeam "Augsburg SG 1873"]
[BlackTeam "Obermenzing"]
[WhiteTeamCountry "GER"]
[BlackTeamCountry "GER"]

1. d4 f5 2. g3 Nf6 3. Bg2 g6 4. Nh3 Bg7 5. 0-0 0-0 6. c4 d6 7. d5 c6 8. Nc3 e5 9. dxe6 Qe7 10. Qd3 Na6 11. Bf4 Rd8 12. Rad1 Ne8 13. Ng5 Nc5 14. Qe3 Nxe6 15. c5 d5 16. Nxd5 cxd5 17. Bxd5 Rxd5 18. Rxd5 Bf6 19. Bd6 Bxg5 20. Bxe7 Bxe3 21. fxe3 N6c7 22. Re5 Be6 23. e4 Kf7 24. Bg5 Nf6 25. exf5 gxf5 26. Bxf6 Kxf6 27. Re3 Rd8 28. a3 Rd2 29. b4 Nd5 30. Rd3 Rxe2 31. Rf2 Re1+ 32. Rf1 Rxf1+ 33. Kxf1 Ke5 34. Kf2 Ke4 35. Rd2 Bd7 36. h4 a6 37. Rd1 Bb5 38. Re1+ Kd4 39. Re6 f4 40. gxf4 Nxf4 41. Re7 Bc6 42. Rxh7 Nd3+ 43. Kg3 Ne5 44. Kf4 Nd3+ 45. Kg5 Kc4 46. Re7 Nf2 47. h5 Be4 48. h6 Bd3 49. Rxb7 Kb3 50. c6 Be4 51. c7 1-0